<?xml version="1.0" encoding="UTF-8"?>
<record
    xmlns:xsi="http://www.w3.org/2001/XMLSchema-instance"
    xsi:schemaLocation="http://www.loc.gov/MARC21/slim http://www.loc.gov/standards/marcxml/schema/MARC21slim.xsd"
    xmlns="http://www.loc.gov/MARC21/slim">

  <leader>00434nam a22001817a 4500</leader>
  <controlfield tag="003">OSt</controlfield>
  <controlfield tag="005">20240316105229.0</controlfield>
  <controlfield tag="008">171016b        xxu||||| |||| 00| 0 eng d</controlfield>
  <datafield tag="020" ind1=" " ind2=" ">
    <subfield code="a">9789386633644</subfield>
  </datafield>
  <datafield tag="040" ind1=" " ind2=" ">
    <subfield code="c">SEROSOFT</subfield>
  </datafield>
  <datafield tag="082" ind1=" " ind2=" ">
    <subfield code="2">12TH</subfield>
  </datafield>
  <datafield tag="100" ind1=" " ind2=" ">
    <subfield code="a">SINGH, J</subfield>
  </datafield>
  <datafield tag="245" ind1=" " ind2=" ">
    <subfield code="a">ORGANIC CHEMISTRY</subfield>
    <subfield code="b">VOL-1</subfield>
    <subfield code="h">ENGLISH</subfield>
  </datafield>
  <datafield tag="250" ind1=" " ind2=" ">
    <subfield code="a">12TH</subfield>
  </datafield>
  <datafield tag="260" ind1=" " ind2=" ">
    <subfield code="a">MEERUT</subfield>
    <subfield code="b">PRAGATI PRAKASHAN</subfield>
  </datafield>
  <datafield tag="300" ind1=" " ind2=" ">
    <subfield code="a">12TH EDITION</subfield>
    <subfield code="b">492 PP</subfield>
  </datafield>
  <datafield tag="942" ind1=" " ind2=" ">
    <subfield code="2">ddc</subfield>
    <subfield code="c">02</subfield>
    <subfield code="e">12TH</subfield>
  </datafield>
  <datafield tag="999" ind1=" " ind2=" ">
    <subfield code="c">40744</subfield>
    <subfield code="d">40744</subfield>
  </datafield>
  <datafield tag="952" ind1=" " ind2=" ">
    <subfield code="0">0</subfield>
    <subfield code="1">0</subfield>
    <subfield code="2">ddc</subfield>
    <subfield code="4">0</subfield>
    <subfield code="7">0</subfield>
    <subfield code="a">01</subfield>
    <subfield code="b">01</subfield>
    <subfield code="d">2017-10-16</subfield>
    <subfield code="e">BANSAL</subfield>
    <subfield code="f">MEERUT PRA</subfield>
    <subfield code="g">365.00</subfield>
    <subfield code="i">5934 DATED17 OCT 2017</subfield>
    <subfield code="l">2</subfield>
    <subfield code="o">560.2</subfield>
    <subfield code="p">01-B-125430</subfield>
    <subfield code="r">2024-12-14</subfield>
    <subfield code="s">2024-12-02</subfield>
    <subfield code="u">Chemistry</subfield>
    <subfield code="w">2017-10-16</subfield>
    <subfield code="y">03</subfield>
  </datafield>
  <datafield tag="952" ind1=" " ind2=" ">
    <subfield code="0">0</subfield>
    <subfield code="1">0</subfield>
    <subfield code="2">ddc</subfield>
    <subfield code="4">0</subfield>
    <subfield code="7">0</subfield>
    <subfield code="a">01</subfield>
    <subfield code="b">01</subfield>
    <subfield code="d">2017-10-16</subfield>
    <subfield code="e">BANSAL</subfield>
    <subfield code="f">MEERUT PRA</subfield>
    <subfield code="g">365.00</subfield>
    <subfield code="i">5934 DATED17 OCT 2017</subfield>
    <subfield code="l">17</subfield>
    <subfield code="o">560.2</subfield>
    <subfield code="p">01-B-125431</subfield>
    <subfield code="q">2026-07-31</subfield>
    <subfield code="r">2026-02-17</subfield>
    <subfield code="s">2026-02-17</subfield>
    <subfield code="u">Chemistry</subfield>
    <subfield code="w">2017-10-16</subfield>
    <subfield code="y">02</subfield>
  </datafield>
  <datafield tag="952" ind1=" " ind2=" ">
    <subfield code="0">0</subfield>
    <subfield code="1">0</subfield>
    <subfield code="2">ddc</subfield>
    <subfield code="4">0</subfield>
    <subfield code="7">0</subfield>
    <subfield code="a">01</subfield>
    <subfield code="b">01</subfield>
    <subfield code="d">2017-10-16</subfield>
    <subfield code="e">BANSAL</subfield>
    <subfield code="f">MEERUT PRA</subfield>
    <subfield code="g">365.00</subfield>
    <subfield code="i">5934 DATED17 OCT 2017</subfield>
    <subfield code="l">10</subfield>
    <subfield code="o">560.2</subfield>
    <subfield code="p">01-B-125432</subfield>
    <subfield code="q">2026-07-31</subfield>
    <subfield code="r">2026-02-16</subfield>
    <subfield code="s">2026-02-16</subfield>
    <subfield code="u">Chemistry</subfield>
    <subfield code="w">2017-10-16</subfield>
    <subfield code="y">02</subfield>
  </datafield>
  <datafield tag="952" ind1=" " ind2=" ">
    <subfield code="0">0</subfield>
    <subfield code="1">0</subfield>
    <subfield code="2">ddc</subfield>
    <subfield code="4">0</subfield>
    <subfield code="7">0</subfield>
    <subfield code="a">01</subfield>
    <subfield code="b">01</subfield>
    <subfield code="d">2017-10-16</subfield>
    <subfield code="e">BANSAL</subfield>
    <subfield code="f">MEERUT PRA</subfield>
    <subfield code="g">365.00</subfield>
    <subfield code="i">5934 DATED17 OCT 2017</subfield>
    <subfield code="l">6</subfield>
    <subfield code="m">1</subfield>
    <subfield code="o">560.2</subfield>
    <subfield code="p">01-B-125433</subfield>
    <subfield code="q">2021-06-20</subfield>
    <subfield code="r">2021-01-15</subfield>
    <subfield code="s">2021-01-15</subfield>
    <subfield code="u">Chemistry</subfield>
    <subfield code="w">2017-10-16</subfield>
    <subfield code="y">02</subfield>
  </datafield>
  <datafield tag="952" ind1=" " ind2=" ">
    <subfield code="0">0</subfield>
    <subfield code="1">0</subfield>
    <subfield code="2">ddc</subfield>
    <subfield code="4">0</subfield>
    <subfield code="7">0</subfield>
    <subfield code="a">01</subfield>
    <subfield code="b">01</subfield>
    <subfield code="d">2017-10-16</subfield>
    <subfield code="e">BANSAL</subfield>
    <subfield code="f">MEERUT PRA</subfield>
    <subfield code="g">365.00</subfield>
    <subfield code="i">5934 DATED17 OCT 2017</subfield>
    <subfield code="l">10</subfield>
    <subfield code="o">560.2</subfield>
    <subfield code="p">01-B-125434</subfield>
    <subfield code="q">2026-07-31</subfield>
    <subfield code="r">2026-03-05</subfield>
    <subfield code="s">2026-03-05</subfield>
    <subfield code="u">Chemistry</subfield>
    <subfield code="w">2017-10-16</subfield>
    <subfield code="y">02</subfield>
  </datafield>
  <datafield tag="952" ind1=" " ind2=" ">
    <subfield code="0">0</subfield>
    <subfield code="1">0</subfield>
    <subfield code="2">ddc</subfield>
    <subfield code="4">0</subfield>
    <subfield code="7">0</subfield>
    <subfield code="a">01</subfield>
    <subfield code="b">01</subfield>
    <subfield code="d">2017-10-16</subfield>
    <subfield code="e">BANSAL</subfield>
    <subfield code="f">MEERUT PRA</subfield>
    <subfield code="g">365.00</subfield>
    <subfield code="i">5934 DATED17 OCT 2017</subfield>
    <subfield code="l">4</subfield>
    <subfield code="o">560.2</subfield>
    <subfield code="p">01-B-125435</subfield>
    <subfield code="r">2019-05-25</subfield>
    <subfield code="s">2019-02-15</subfield>
    <subfield code="u">Chemistry</subfield>
    <subfield code="w">2017-10-16</subfield>
    <subfield code="y">20</subfield>
    <subfield code="z">Central Library to Departmental Basic Science Library</subfield>
  </datafield>
  <datafield tag="952" ind1=" " ind2=" ">
    <subfield code="0">0</subfield>
    <subfield code="1">0</subfield>
    <subfield code="2">ddc</subfield>
    <subfield code="4">0</subfield>
    <subfield code="7">0</subfield>
    <subfield code="a">01</subfield>
    <subfield code="b">01</subfield>
    <subfield code="d">2017-10-16</subfield>
    <subfield code="e">BANSAL</subfield>
    <subfield code="f">MEERUT PRA</subfield>
    <subfield code="g">365.00</subfield>
    <subfield code="i">5934 DATED17 OCT 2017</subfield>
    <subfield code="l">11</subfield>
    <subfield code="o">560.2</subfield>
    <subfield code="p">01-B-125436</subfield>
    <subfield code="q">2026-07-31</subfield>
    <subfield code="r">2026-02-09</subfield>
    <subfield code="s">2026-02-09</subfield>
    <subfield code="u">Chemistry</subfield>
    <subfield code="w">2017-10-16</subfield>
    <subfield code="y">02</subfield>
  </datafield>
  <datafield tag="952" ind1=" " ind2=" ">
    <subfield code="0">0</subfield>
    <subfield code="1">0</subfield>
    <subfield code="2">ddc</subfield>
    <subfield code="4">0</subfield>
    <subfield code="7">0</subfield>
    <subfield code="a">01</subfield>
    <subfield code="b">01</subfield>
    <subfield code="d">2017-10-16</subfield>
    <subfield code="e">BANSAL</subfield>
    <subfield code="f">MEERUT PRA</subfield>
    <subfield code="g">365.00</subfield>
    <subfield code="i">5934 DATED17 OCT 2017</subfield>
    <subfield code="l">5</subfield>
    <subfield code="o">560.2</subfield>
    <subfield code="p">01-B-125437</subfield>
    <subfield code="q">2022-03-15</subfield>
    <subfield code="r">2021-11-26</subfield>
    <subfield code="s">2021-11-26</subfield>
    <subfield code="u">Chemistry</subfield>
    <subfield code="w">2017-10-16</subfield>
    <subfield code="y">02</subfield>
  </datafield>
  <datafield tag="952" ind1=" " ind2=" ">
    <subfield code="0">0</subfield>
    <subfield code="1">0</subfield>
    <subfield code="2">ddc</subfield>
    <subfield code="4">0</subfield>
    <subfield code="7">0</subfield>
    <subfield code="a">01</subfield>
    <subfield code="b">01</subfield>
    <subfield code="d">2017-10-16</subfield>
    <subfield code="e">BANSAL</subfield>
    <subfield code="f">MEERUT PRA</subfield>
    <subfield code="g">365.00</subfield>
    <subfield code="i">5934 DATED17 OCT 2017</subfield>
    <subfield code="l">16</subfield>
    <subfield code="o">560.2</subfield>
    <subfield code="p">01-B-125438</subfield>
    <subfield code="r">2026-02-03</subfield>
    <subfield code="s">2025-09-10</subfield>
    <subfield code="u">Chemistry</subfield>
    <subfield code="w">2017-10-16</subfield>
    <subfield code="y">02</subfield>
  </datafield>
  <datafield tag="952" ind1=" " ind2=" ">
    <subfield code="0">0</subfield>
    <subfield code="1">0</subfield>
    <subfield code="2">ddc</subfield>
    <subfield code="4">0</subfield>
    <subfield code="7">0</subfield>
    <subfield code="a">01</subfield>
    <subfield code="b">01</subfield>
    <subfield code="d">2017-10-16</subfield>
    <subfield code="e">BANSAL</subfield>
    <subfield code="f">MEERUT PRA</subfield>
    <subfield code="g">365.00</subfield>
    <subfield code="i">5934 DATED17 OCT 2017</subfield>
    <subfield code="l">10</subfield>
    <subfield code="o">560.2</subfield>
    <subfield code="p">01-B-125439</subfield>
    <subfield code="r">2025-06-30</subfield>
    <subfield code="s">2025-03-07</subfield>
    <subfield code="u">Chemistry</subfield>
    <subfield code="w">2017-10-16</subfield>
    <subfield code="y">02</subfield>
  </datafield>
</record>
